Europäische Länder mit Wolkenkratzern - Statistiken

Allgemein
  • Dieses Quiz wurde 171 mal gespielt
  • Das Durchschnittsergebnis liegt bei 12 aus 14
Antwortstatistiken
# Land % Korrekt
18 Deutschland
100%
24 Frankreich
99%
7 Italien
98%
58 Russland
97%
13 Spanien
97%
34 Vereinigtes Königreich
97%
13 Polen
89%
6 Niederlande
86%
3 Österreich
86%
1 Schweden
83%
1 Schweiz
83%
1 Ukraine
76%
1 Serbien
54%
1 Zypern
10%
Keine übereinstimmenden Quizze gefunden
Verteilung der Resultate
Anzahl Personen mit jedem Resultat
Perzentil nach korrekt beantworteten Fragen
Ihre Resultats-Entwicklung
Sie haben dieses Quiz noch nicht gespielt